Szivárványszínjátszók Esztrád, bohózat, népszínmű, musical a műsorban

Bibliographic Details
Main Author: (as) (Author)
Format: Article
Language:Hungarian
Slovak
Subjects:

MARC

LEADER 00000nab a2200000 a 4500
001 vtls000927911
003 SK-MaSNL
005 20260318133215.0
008 040720e20011115xo 0 hun
035 |a KE36788 
040 |a KEVKJB  |b slo  |c KEVKJB  |e AACR2 
041 1 |h slo 
044 |a xo  |c SK 
080 |a 792.077  |2 1981 
100 0 |a (as)  |4 aut  |9 840263 
245 1 0 |a Szivárványszínjátszók  |b Esztrád, bohózat, népszínmű, musical a műsorban 
650 0 7 |a amatérske divadlo  |2 KEVKJB  |9 3348 
650 0 7 |a festivaly  |2 KEVKJB  |9 3406 
651 7 |a Moldava nad Bodvou (Slovensko)   |2 KEVKJB  |9 20255 
651 7 |a KS,  |2 KEVKJB  |9 880381 
655 7 |a periodikum  |2 snkbucl  |9 29553 
773 0 8 |t Új Szó  |g Roč. 54  |g Roč. 28, č.263, 15.11.2001, s. 11 
852 |a ZVYKNI  |b KIS3GCP 
999 |c 2101351  |d 2103281